000 00321 a2200133 4500
000 nam a22 7a 4500
100 _aTaylor, J
110 _aTaylor, J
245 _aEncyclopaedia of World Criminal Justice Systems
250 _aLatest edition
260 _bOxford
_c2024
264 _bOxford
_c2024
942 _cBK
999 _c396191
_d396191